000 00641nam a22001817a 4500
005 20241128141959.0
008 240125b ||||| |||| 00| 0 eng d
020 _a9781119117209
082 _22023
_aDC 621.38456
_bM735
100 _aMolisch, Andreas F.
_950816
245 _aWireless communications :
_bfrom fundamentals to beyond 5G /
_cAndreas F. Molisch.
250 _aThird edition.
260 _aCanada :
_bJohn Wiley & Sons Ltd.,
_c©2023.
300 _axxxvii, 963 pages :
_billustrations ;
_c28 cm.
500 _aIncludes references and index.
650 _aWireless communication systems
_xTextbooks.
_951775
942 _2ddc
_cDC
999 _c18757
_d18757